| 000 | 00832pam a2200289 a 4500 | ||
|---|---|---|---|
| 001 | 112574 | ||
| 005 | 20230410103646.0 | ||
| 008 | 871005s1988 nyub b 001 0 eng | ||
| 035 | _9(DLC) 87028560 | ||
| 035 | _a3841580 | ||
| 010 | _a 87028560 | ||
| 020 | _a0815624123 | ||
| 040 |
_aDLC _cDLC _dDLC |
||
| 043 | _aee----- | ||
| 050 | 1 | 4 |
_a300 DJK 38 _bW235o 1988 |
| 082 | 0 | 0 | _a940 |
| 100 | 1 | _aWalters, E. Garrison. | |
| 245 | 1 | 4 |
_aThe other Europe : _bEastern Europe to 1945 / _cE. Garrison Walters. |
| 250 | _a1st ed. | ||
| 260 |
_aSyracuse, N.Y. : _bSyracuse University Press, _c1987, c1988. |
||
| 300 |
_axiii, 430 p. : _bmaps ; _c24 cm. |
||
| 504 | _aBibliography: p. 407-416. | ||
| 500 | _aIncludes index. | ||
| 651 | 0 |
_aEurope, Eastern _xHistory. |
|
| 651 | 4 |
_aEuropa del Este _xHistoria. |
|
| 942 |
_2lcc _cbk |
||
| 999 |
_c23404 _d23404 |
||